| 000 -LEADER |
| fixed length control field |
00545cam a22001697a 4500 |
| 008 - FIXED-LENGTH DATA ELEMENTS--GENERAL INFORMATION |
| fixed length control field |
180718b1988 xxu||||| |||| 00| 0 eng d |
| 082 ## - DEWEY DECIMAL CLASSIFICATION NUMBER |
| Classification number |
T111 M369 H |
| 100 ## - MAIN ENTRY--PERSONAL NAME |
| Personal name |
Marx, Karl |
| 245 ## - TITLE STATEMENT |
| Title |
Poonjee (rajnitik arthshastra kee aalochna) |
| Statement of responsibility, etc. |
by Karl Marx |
| 250 ## - EDITION STATEMENT |
| Edition statement |
2nd |
| 260 ## - PUBLICATION, DISTRIBUTION, ETC. |
| Place of publication, distribution, etc. |
Jaipur |
| Name of publisher, distributor, etc. |
Rajasthan Peoples Publishing House |
| Date of publication, distribution, etc. |
1988 |
| 300 ## - PHYSICAL DESCRIPTION |
| Extent |
V |
| 500 ## - GENERAL NOTE |
| General note |
V.1. Poonjee ke utpadan ki prakriya, 883p.; V.3. Samagra roop mein poonjivadi utpadan prakriya, 815p. |
| 650 ## - SUBJECT ADDED ENTRY--TOPICAL TERM |
| Topical term or geographic name entry element |
economics-politics |
| 650 ## - SUBJECT ADDED ENTRY--TOPICAL TERM |
| Topical term or geographic name entry element |
Capitalism |
| 650 ## - SUBJECT ADDED ENTRY--TOPICAL TERM |
| Topical term or geographic name entry element |
Capital |